| 000 | 00933nas a2200301 4500 | ||
|---|---|---|---|
| 001 | BR0905892 | ||
| 003 | BR-BrBNA | ||
| 005 | 20231205113753.0 | ||
| 007 | ta | ||
| 008 | 230509b bl.|||p| |||| 00| 00por d | ||
| 040 |
_aBR-BrBNA _bpor _cBiblioteca Nacional de Agricultura |
||
| 041 | _a(Pt) | ||
| 072 | _aL73; L01 | ||
| 100 | 1 | _aOlivindo, C. de S. | |
| 100 | 1 | _aChapaval, L. | |
| 100 | 1 | _aVillarroel, A.B.S. | |
| 100 | 1 | _aAlves, F.S.F. | |
| 100 | 1 | _aSousa, F.G.C. de | |
| 100 | 1 | _aFernandes, F.E.P. | |
| 245 | 1 | _aDefinição de Staphylococcus aureus utilizando a técnica de REP-PCR no monitoramento da qualidade do leite de cabra | |
| 650 | _aMANEJO | ||
| 650 | _aBACTÉRIA | ||
| 650 | _aEPIDEMIOLOGIA | ||
| 650 | _aCABRA | ||
| 773 | 0 |
_tRevista Brasileira de Zootecnia (Brazil) _xISSN 1516-3598 _g(Jul 2009), v. 38(7) p. 1317-1321 _wBR0905892 |
|
| 909 |
_a202311 _bLúcia _c55 _dLúcia Elande |
||
| 942 |
_2AGRIS _n0 _cANA |
||
| 999 |
_c205518 _d205518 |
||